Science Quiz

Random Science or Country Quiz

Countries with Caudates Quiz Stats

 Plays Quiz not verified by Sporcle

Score 0/87 Timer 15:00
0 Plays Today
Continent Country % Correct
North AmericaUSA
100%
North AmericaMexico
100%
North AmericaCanada
98.6%
AsiaChina
94.4%
South AmericaBrazil
93%
EuropeFrance
91.5%
EuropeGermany
91.5%
North AmericaCosta Rica
90.1%
South AmericaColombia
90.1%
EuropeUK
90.1%
EuropeSweden
90.1%
EuropeNorway
90.1%
EuropeSpain
90.1%
EuropeFinland
88.7%
EuropeRussia
88.7%
EuropeGreece
88.7%
EuropeDenmark
88.7%
AsiaJapan
88.7%
AsiaIndia
88.7%
North AmericaPanama
87.3%
South AmericaPeru
87.3%
EuropeLatvia
87.3%
EuropeLithuania
87.3%
EuropeBelarus
87.3%
AsiaTurkey
87.3%
North AmericaGuatemala
85.9%
North AmericaBelize
85.9%
North AmericaHonduras
85.9%
South AmericaEcuador
85.9%
Continent Country % Correct
South AmericaVenezuela
85.9%
EuropeEstonia
85.9%
EuropePortugal
85.9%
EuropeItaly
85.9%
AsiaIraq
85.9%
AsiaIran
85.9%
AsiaSouth Korea
85.9%
North AmericaEl Salvador
84.5%
EuropeAndorra
84.5%
EuropeIreland
84.5%
EuropeRomania
84.5%
EuropePoland
84.5%
AsiaNorth Korea
84.5%
AsiaVietnam
84.5%
AsiaKazakhstan
84.5%
South AmericaBolivia
83.1%
EuropeAustria
83.1%
EuropeUkraine
83.1%
EuropeSlovakia
83.1%
EuropeSlovenia
83.1%
EuropeBelgium
83.1%
EuropeLuxembourg
83.1%
EuropeCroatia
83.1%
EuropeMacedonia
83.1%
AsiaThailand
83.1%
AsiaNepal
83.1%
North AmericaNicaragua
81.7%
EuropeSwitzerland
81.7%
EuropeSerbia
81.7%
Continent Country % Correct
EuropeCzechia
81.7%
EuropeNetherlands
81.7%
AsiaIsrael
81.7%
AsiaMongolia
81.7%
EuropeSan Marino
80.3%
EuropeHungary
80.3%
EuropeBulgaria
80.3%
AsiaSyria
80.3%
AfricaMorocco
78.9%
AsiaAzerbaijan
78.9%
AsiaGeorgia
78.9%
AsiaLaos
78.9%
AsiaMyanmar
78.9%
AsiaBhutan
78.9%
AsiaTurkmenistan
78.9%
EuropeLiechtenstein
77.5%
EuropeAlbania
76.1%
AsiaJordan
76.1%
AsiaLebanon
76.1%
AfricaAlgeria
74.6%
EuropeMoldova
74.6%
EuropeKosovo
74.6%
AsiaArmenia
74.6%
AsiaAfghanistan
74.6%
EuropeBosnia and Herzegovina
73.2%
AfricaTunisia
71.8%
EuropeMontenegro
71.8%
AsiaTaiwan
69%
AsiaPalestine
48.4%

You're not logged in!

Compare scores with friends on all Sporcle quizzes.
OR
Log In

Show Comments

Extras

Top Quizzes Today


Score Distribution

Your Account Isn't Verified!

In order to create a playlist on Sporcle, you need to verify the email address you used during registration. Go to your Sporcle Settings to finish the process.

Report this User

Report this user for behavior that violates our Community Guidelines.

Details: